| 000 | 00480cam a2200193ua 4500 | ||
|---|---|---|---|
| 001 | 10211 | ||
| 008 | 171012n ii |||gr||||Z||||||asm | ||
| 020 | _a9788176653879 | ||
| 040 | _cMAIN | ||
| 041 | _aasm | ||
| 082 | _a338.5 | ||
| 100 |
_aNeog, Ajit, _eAuthor. |
||
| 245 |
_aIntroduction to microeconomics (A) : _bclass XII / _cBy Ajit Neog . |
||
| 250 | _a4th ed. | ||
| 260 |
_aGuwahati: _bStudents stores, _c2016. |
||
| 300 | _a328p. | ||
| 653 | _aProduction | ||
| 942 | _cBK | ||
| 999 |
_c9208 _d9208 |
||